Türkiye'de kadın= (Record no. 200128633)
[ view plain ]
| 000 -LEADER | |
|---|---|
| fixed length control field | 00726 a2200229 4500 |
| 001 - CONTROL NUMBER | |
| control field | 200128633 |
| 003 - CONTROL NUMBER IDENTIFIER | |
| control field | TR-AnTOB |
| 005 - DATE AND TIME OF LATEST TRANSACTION | |
| control field | 20251015073922.0 |
| 008 - FIXED-LENGTH DATA ELEMENTS--GENERAL INFORMATION | |
| fixed length control field | 130214s1997 tu 000 0 |
| 040 ## - CATALOGING SOURCE | |
| Original cataloging agency | TR-AnTOB |
| Transcribing agency | TR-AnTOB |
| 041 ## - LANGUAGE CODE | |
| Language code of text/sound track or separate title | Türkçe |
| 050 00 - LIBRARY OF CONGRESS CALL NUMBER | |
| Classification number | HQ1726.7 |
| Item number | T87 1997 |
| 090 ## - LOCALLY ASSIGNED LC-TYPE CALL NUMBER (OCLC); LOCAL CALL NUMBER (RLIN) | |
| Classification number (OCLC) (R) ; Classification number, CALL (RLIN) (NR) | HQ1726.7 T87 1997 |
| 245 00 - TITLE STATEMENT | |
| Title | Türkiye'de kadın= |
| Remainder of title | Women in Turkey 1999. |
| 264 #1 - PRODUCTION, PUBLICATION, DISTRIBUTION, MANUFACTURE, AND COPYRIGHT NOTICE | |
| Place of production, publication, distribution, manufacture | Ankara: |
| Name of producer, publisher, distributor, manufacturer | Kadının Statüsü ve Sorunları Gn.Md., |
| Date of production, publication, distribution, manufacture, or copyright notice | 1997. |
| 300 ## - PHYSICAL DESCRIPTION | |
| Extent | 14 s.; |
| Dimensions | 22 cm. |
| 490 0# - SERIES STATEMENT | |
| Series statement | Başbakanlık Kadının Statüsü ve Sorunları Genel Müdürlüğü |
| 650 #0 - SUBJECT ADDED ENTRY--TOPICAL TERM | |
| Topical term or geographic name entry element | Women |
| Geographic subdivision | Turkey |
| General subdivision | Social conditions |
| 9 (RLIN) | 76037 |
| Topical term or geographic name entry element | Kadınlar |
| Geographic subdivision | Türkiye |
| General subdivision | Sosyal durum |
| Relator term | etuturkob |
| Source of heading or term | etuturkob |
| 9 (RLIN) | 8192 |
| 942 ## - ADDED ENTRY ELEMENTS (KOHA) | |
| Koha item type | Book |
| Source of classification or shelving scheme | Library of Congress Classification |
| Withdrawn status | Lost status | Source of classification or shelving scheme | Not for loan | Collection code | Home library | Current library | Shelving location | Date acquired | Source of acquisition | Total Checkouts | Total Holds | Full call number | Barcode | Copy number | Date shelved | Koha item type |
|---|---|---|---|---|---|---|---|---|---|---|---|---|---|---|---|---|
| Library of Congress Classification | Ödünç Verilebilir / Available | Genel Koleksiyon | Merkez Kütüphane | Merkez Kütüphane | Genel Koleksiyon / Main Collection | 14/02/2013 | Bağış / Donation | HQ1726.7 .T87 1997 | 0041043 | 1 | 14/02/2013 | Book |
